000 00454nam a2200181Ia 4500
001 71466
008 160226s9999 xx 000 0 und d
020 _a9781632397739
040 _cPK-LaUMT
082 _a 712
_bLAN-
100 _aVedder, Alex
245 _aLandscape design and planning
_cVedder, Alex
260 _aNew York,USA:
_bCallisto Reference,
_c2015
300 _a364 p.
546 _aEN
650 _aLandscape-Architecture
942 _cBK
999 _c83804
_d83804